John Ford

Guardat en:
Dades bibliogràfiques
Autors principals: McBride, Joseph (autor), Wilmington, Michael (Autor)
Format: Llibre
Idioma:espanyol
Publicat: Madrid Eds. J.C 1984
Col·lecció:Colección directores de cine, 15-16
Matèries:
Etiquetes: Afegir etiqueta
Sense etiquetes, Sigues el primer a etiquetar aquest registre!

MARC

LEADER 00000nam a2200000 a 4500
001 UCY1452
003 CL-VaPUC
008 940902e19840000SP |||||||||||||||||spa|d
082 0 4 |a 791.4309  |b MCB  |2 21 
100 |a McBride, Joseph  |e autor  |9 565112 
700 0 |a Wilmington, Michael  |e author  |9 329434 
245 1 0 |a John Ford 
300 |a 270 p 
942 |c BK 
945 |d 19940902 00:00:00  |a oaravena 
260 |a Madrid  |b Eds. J.C  |c 1984 
600 0 7 |a FORD, JOHN  |2 CL-VaPUC  |9 266426 
650 0 |a Productores y directores de cine  |9 266427 
583 |a last modification  |c 19940902 00:00:00  |k Rodrigo Vera 
490 0 |a Colección directores de cine, 15-16 
999 |c 230150  |d 230148 
952 |0 0  |1 0  |4 0  |6 791_430900000000000_MCB_1984  |7 0  |8 R  |9 232182  |a BIBART  |b BIBART  |d 2019-11-15  |i 300953K  |o 791.4309 MCB 1984  |p 300953K  |r 2025-03-13  |w 2019-11-15  |y BK_R  |k ART